000 00490nam a22001815i 4500
001 47967
003 ES-MaACL
005 20230906161653.0
007 t|
008 950206s1868 fr ||||1| fre d
040 _aCAM
_bspa
_cCCPB | PA2
100 1 _aCousin, Victor.
_941306
245 1 0 _aDu vrai, du beau et du bien /
_cpar Victor Cousin.
250 _a14me. éd.
260 _aParis :
_bDidier,
_c1868 (
_fA. Pillet)
300 _aXII, 496 p. ;
_c18 cm.
852 _aES-MaACL
_jD-4781
999 _c47967
_d47967